[Event "CZE-chT2D 1011"]
[Site "Czech Republic"]
[Date "2011.03.27"]
[Round "10"]
[White "Volf, Jaroslav"]
[Black "Seidl, Antonin"]
[Result "1/2-1/2"]
[WhiteElo "2140"]
[BlackElo "1983"]
[PlyCount "148"]
[EventDate "2010.10.17"]
[EventType "team-tourn"]
[EventRounds "11"]
[EventCountry "CZE"]
[SourceTitle "EXT 2012"]
[Source "ChessBase"]
[SourceDate "2011.11.24"]
[SourceVersion "1"]
[SourceVersionDate "2011.11.24"]
[SourceQuality "1"]
[WhiteTeam "Usti nad Orlici"]
[BlackTeam "Bedrichov"]
[WhiteTeamCountry "CZE"]
[BlackTeamCountry "CZE"]

1. e4 e6 2. d4 d5 3. Nd2 Nf6 4. exd5 exd5 5. Ngf3 Bd6 6. Bd3 Qe7+ 7. Qe2 Qxe2+ 8. Bxe2 Bf5 9. c3 Nbd7 10. 0-0 0-0 11. Re1 Rae8 12. Nf1 h6 13. Bd2 c6 14. Ng3 Bh7 15. Nh4 Ne4 16. Nxe4 dxe4 17. g3 g5 18. Ng2 f5 19. f4 Be7 20. Be3 Nb6 21. Red1 Kg7 22. Kf2 Bg8 23. h4 Nd5 24. c4 Nxe3 25. Kxe3 Rd8 26. c5 Rd7 27. Rac1 Bxa2 28. Bc4 Bxc4 29. Rxc4 gxh4 30. Nxh4 Kf6 31. Ng2 Rfd8 32. Ne1 Ke6 33. Nc2 Bf6 34. Rh1 Rg8 35. Kf2 Rdg7 36. Rc3 Rg6 37. Rh3 Rd8 38. Rc4 Kd5 39. Ra4 a6 40. Rb4 Rd7 41. Rh5 Ke6 42. Ra4 Bg7 43. Rc4 Rf6 44. Rb4 Rf8 45. Ke3 Kf6 46. Rh4 Rh8 47. Ra4 Kg6 48. Ra1 Bf6 49. Rh3 Rhd8 50. Rah1 Bg7 51. Rh5 b6 52. g4 bxc5 53. gxf5+ Kf7 54. dxc5 Rd3+ 55. Kxe4 Rb3 56. f6 Kxf6 57. Rxh6+ Bxh6 58. Rxh6+ Kf7 59. Rxc6 Rxb2 60. Ne3 Rb4+ 61. Kf5 a5 62. Ng4 Rf8 63. Kg5 Ke7 64. Ne5 Rg8+ 65. Ng6+ Kd7 66. Ra6 Rb5 67. Kf6 Rxc5 68. f5 Rgc8 69. Ne5+ Kc7 70. Re6 a4 71. Re7+ Kb6 72. Nd7+ Kb5 73. Nxc5 Kxc5 74. Ra7 Kb4 1/2-1/2